000 00680nam a2200205Ia 4500
003 GCL
008 140319s9999 xx 000 0 ara d
040 _aGCL /
_cGCL
082 0 4 _a011
_bف د
100 1 _aفوزى تادرس
245 1 0 _aدليل اوائل المطبوعات العربية فى العالم حتى نهاية القرن التاسع عشر /
_cفوزى تادرس
300 _a300 ص
490 _aمنشورات المجمع الثقافى
_v0
650 0 4 _aالطباعة
650 0 4 _aالمطبوعات العربية
650 0 4 _aالادلة
650 0 4 _aالكتب العربية
650 0 4 _aالببليوجرافيا
942 _2ddc
_cBK
999 _c52326
_d52326